000 00770nas a2200241 454500
001 41515
005 20260407193510.0
008 260407s2003####ag###########|||spa#d
003 AR-UNSa-BCEJYS
040 _aAR-UNSa-BCEJYS
_bspa
_cAR-UNSa-BCEJYS
080 _a342
_xDerecho constitucional (Derecho Público)
245 1 0 _aRevista Iberoamericana de derecho constitucional
264 1 _aBuenos Aires :
_bAD-HOC
_c2003
310 _aFrecuencia: Semestral
041 _aspa
942 _cSER
590 _aniveau_biblio:s niveau_hierar:1
100 1 _aGil Domínguez, Andrés
650 _aDerecho constitucional
650 _aJURISPRUDENCIA
650 _aDOCTRINA
856 4 1 _uhttps://biblioeco.unsa.edu.ar/pmb/images/revistas/R20709.jpg
_yImagen de portada
_qimage/jpeg
999 _c8879
_d8879